| 000 | 01466nam a2200277Ia 4500 | ||
|---|---|---|---|
| 999 |
_c39402 _d39402 |
||
| 001 | 5992 | ||
| 003 | GE_BSU | ||
| 005 | 20190726180327.0 | ||
| 008 | 181216s2010||||ge |||||||||||||| ||geo|| | ||
| 020 | _a9789994098576 | ||
| 040 | _cGE_BSU | ||
| 041 | _ageo | ||
| 080 | _a341(075.8) ს-16 | ||
| 245 |
_aსაერთაშორისო სამართალი = международное право ; _bპროფ. სახელმძღვ. იურიპრუდენციის სპეც. სტუდ. - თვის / _cკ. გასანოვი, დ. კუზნეცოვი, ა. ნიკონოვი და სხვ. ; ნ. ერიაშვილის რედაქციით ; რედ. სერგო ბარამიძე |
||
| 264 |
_aთბილისი : _bიუნიტი ; _c2010. |
||
| 300 |
_a411 გვ.; _c22 სმ. |
||
| 541 | _h52ლ.50თ. | ||
| 653 | _aსაერთაშორისო სამართალი | ||
| 653 | _aსამართალი | ||
| 700 |
_aგასანოვი, კ. _eავტორი _93334 |
||
| 700 |
_aკუზნეცოვი, დ. _eავტორი _93335 |
||
| 700 |
_aნიკონოვი, ა. _eავტორი _93336 |
||
| 700 |
_a ერიაშვილის, ნ. _eრედაქტორი _93337 |
||
| 700 |
_a ბარამიძე, სერგო _eრედაქტორი _93338 |
||
| 942 |
_cBK _2udc |
||